Sports Quiz

Random Sports or NFL Quiz

100+ Receptions (New England Patriots) Quiz Stats

Quiz Updated Mar 7, 2018

Challenge
Share
Tweet
Embed
Score 0/17 Timer 05:00
8 Plays Today
Receptions Player % Correct
474Rob Gronkowski
96.1%
259Randy Moss
92.7%
672Wes Welker
87.5%
425Julian Edelman
86.5%
230Danny Amendola
78.1%
175Aaron Hernandez
66.9%
328Deion Branch
63.6%
456Troy Brown
58.6%
161James White
49.5%
Receptions Player % Correct
431Kevin Faulk
46.9%
167Ben Watson
30.3%
162Terry Glenn
24.9%
158David Givens
24.8%
107Shane Vereen
19.9%
165David Patten
19.3%
111Brandon LaFell
18.5%
120Daniel Graham
14.5%

You're not logged in!

Compare scores with friends on all Sporcle quizzes.
Sign Up with Email
OR
Log In

You Might Also Like...

Show Comments

Extras

Top Quizzes Today


Score Distribution

Your Account Isn't Verified!

In order to create a playlist on Sporcle, you need to verify the email address you used during registration. Go to your Sporcle Settings to finish the process.

Report this User

Report this user for behavior that violates our Community Guidelines.

Details: